| 000 | 00631cam a2200181 4500 | ||
|---|---|---|---|
| 001 | ABS61010 | ||
| 008 | 000000n1999 000 0 eng u | ||
| 035 | _a(Sirsi) u101564 | ||
| 100 | _aWhitmore, J. | ||
| 245 | _aJLL faces the reality of being public. | ||
| 260 | _c1999 | ||
| 490 |
_aProperty Week _v64(29) 23 July 1999, 10(1) |
||
| 520 | _aConsiders why Jones Lang LaSalle was recently forced to issue a profits warning and looks at the wider implications of becoming a public company. | ||
| 650 | _aSHARES | ||
| 650 | _aJONES LANG LASALLE | ||
| 690 | _aMANAGEMENT-BUSINESS MANAGEMENT-PROFESSIONAL PRACTICE | ||
| 942 | _n0 | ||
| 999 |
_c60696 _d60696 |
||